Los manantiales / (Record no. 74146)

MARC details
000 -LEADER
campo de control de longitud fija 00564nam a2200205 i 4500
001 - NÚMERO DE CONTROL
campo de control 74146
003 - IDENTIFICADOR DE NÚMERO DE CONTROL
campo de control ES-MaACL
005 - FECHA Y HORA DE LA ÚLTIMA TRANSACCIÓN
campo de control 20230906172031.0
007 - CAMPO FIJO DE DESCRIPCIÓN FÍSICA--INFORMACIÓN GENERAL
campo de control de longitud fija t|
008 - DATOS DE LONGITUD FIJA--INFORMACIÓN GENERAL
campo de control de longitud fija 040915s1958 sp ||||1| spa d
100 1# - ENTRADA PRINCIPAL--NOMBRE DE PERSONA
Nombre de persona González-Alegre, Ramón.
9 (RLIN) 58405
245 14 - MENCIÓN DEL TÍTULO
Título Los manantiales /
Mención de responsabilidad, etc. Ramón González-Alegre.
260 ## - PUBLICACIÓN, DISTRIBUCIÓN, ETC.
Lugar de publicación, distribución, etc. Vigo :
Nombre del editor, distribuidor, etc. [s.n.,
Fecha de publicación, distribución, etc. 1958] (
Fabricante Faro de Vigo)
300 ## - DESCRIPCIÓN FÍSICA
Extensión 51 p. ;
Dimensiones 20 cm.
490 1# - MENCIÓN DE SERIE
Mención de serie Alba
830 0# - PUNTO DE ACCESO ADICIONAL DE SERIE-TÍTULO UNIFORME
Título uniforme Alba
9 (RLIN) 231202
852 ## - LOCALIZACIÓN
Ubicación ES-MaACL
Número de control de estantería 2002-F-21
Sublocalización o colección R.42290
852 ## - LOCALIZACIÓN
Ubicación ES-MaACL
Número de control de estantería 1989-F-20
Sublocalización o colección R.49081
Holdings
Estatus retirado Estado de pérdida Estado de daño No para préstamo Colección Biblioteca de origen Biblioteca actual Ubicación en estantería Fecha de adquisición Fuente de adquisición Total de préstamos Signatura topográfica completa Código de barras Visto por última vez Precio de reemplazo Tipo de ítem Koha
        Colección de folletos Biblioteca del Ateneo de Madrid Biblioteca del Ateneo de Madrid Depósito folletos 17/01/2008     1989-F-20 1077616 23/02/2023 23/02/2023 Folleto
        Colección de folletos Biblioteca del Ateneo de Madrid Biblioteca del Ateneo de Madrid Depósito folletos 17/01/2008     2002-F-21 1077615 23/02/2023 23/02/2023 Folleto